00301pab a2200133 454500008004000000100001900040245002800059260000900087300001000096362001100106650002500117650001500142773001000157180718b2002 xxu||||| |||| 00| 0 eng d aIlaiah, Kancha aChallenges before Kalam c2002 ap.10. a25 Jun aIndia - Constitution aPresidents aHindu